Fashioned for Extinction : An Expose of the Shahtoosh Trade (Record no. 600819)

MARC details
000 -LEADER
fixed length control field 00504nam a2200145Ia 4500
008 - FIXED-LENGTH DATA ELEMENTS--GENERAL INFORMATION
fixed length control field 100415s9999 xx 000 0 und d
082 ## - DEWEY DECIMAL CLASSIFICATION NUMBER
Item number 17922
Classification number 636.088
100 ## - MAIN ENTRY--PERSONAL NAME
Personal name Wright Belinda
245 ## - TITLE STATEMENT
Title Fashioned for Extinction : An Expose of the Shahtoosh Trade
260 ## - PUBLICATION, DISTRIBUTION, ETC. (IMPRINT)
Place of publication, distribution, etc NEW DELHI
Date of publication, distribution, etc 1997
Name of publisher, distributor, etc WILDLIFE PROTECTION SOCIETY O
365 ## - TRADE PRICE
Price amount 0
630 ## - SUBJECT ADDED ENTRY--UNIFORM TITLE
Uniform title Fashioned for Extinction : An Expose of the Shahtoosh Trade
730 ## - ADDED ENTRY--UNIFORM TITLE
Uniform title Fashioned for Extinction : An Expose of the Shahtoosh Trade
942 ## - ADDED ENTRY ELEMENTS (KOHA)
Koha item type Book
Holdings
Withdrawn status Lost status Damaged status Not for loan Home library Current library Date acquired Cost, normal purchase price Total Checkouts Full call number Barcode Date last seen Price effective from Koha item type
        Bombay Natural History Society Bombay Natural History Society 06/18/1998 0.00   636.088 17922 BNHS-17922 04/15/2010 04/15/2010 Book